[Event "WchT Seniors 50"]
[Site "Prague"]
[Date "2020.03.07"]
[Round "2.15"]
[White "Fuchs, Joachim1111"]
[Black "Gdovin, Jan"]
[Result "1/2-1/2"]
[WhiteElo "1970"]
[BlackElo "2035"]
[PlyCount "42"]
[EventDate "2020.03.06"]
[EventType "team-swiss"]
[EventRounds "7"]
[EventCountry "CZE"]
[SourceTitle "CBM 195 Extra"]
[Source "ChessBase"]
[SourceDate "2020.05.31"]
[SourceVersion "1"]
[SourceVersionDate "2020.05.31"]
[SourceQuality "1"]
[WhiteTeam "Germany 50 IX"]
[BlackTeam "Czech Republic 50 VI"]
[WhiteTeamCountry "GER"]
[BlackTeamCountry "CZE"]

1. d4 e6 2. c4 d5 3. Nc3 Nf6 4. Nf3 Nbd7 5. Bf4 c6 6. e3 Be7 7. Bd3 dxc4 8. Bxc4 b5 9. Bd3 Bb7 10. 0-0 a6 11. Ne4 Nxe4 12. Bxe4 Nf6 13. Bd3 0-0 14. Rc1 Rc8 15. Ne5 c5 16. dxc5 Bxc5 17. Bb1 Re8 18. Qe2 Be7 19. h3 g6 20. Rcd1 Qb6 21. Bg5 Kg7 1/2-1/2

[Event "CZE-chT2C 1819"]
[Site "Czech Republic"]
[Date "2019.02.24"]
[Round "9.7"]
[White "Rakovsky, Adam"]
[Black "Gdovin, Jan"]
[Result "0-1"]
[WhiteElo "2129"]
[BlackElo "2031"]
[PlyCount "66"]
[EventDate "2018.10.14"]
[EventType "team-tourn"]
[EventRounds "11"]
[EventCountry "CZE"]
[SourceTitle "EXT 2022"]
[Source "ChessBase"]
[SourceDate "2021.10.06"]
[SourceVersion "1"]
[SourceVersionDate "2021.10.06"]
[SourceQuality "1"]
[WhiteTeam "Praha Vrsovice"]
[BlackTeam "Praha Mahrla"]
[WhiteTeamCountry "CZE"]
[BlackTeamCountry "CZE"]

1. e4 e6 2. d4 d5 3. Nc3 Bb4 4. e5 c5 5. a3 Ba5 6. b4 cxd4 7. Nb5 Bc7 8. Nf3 Ne7 9. Nbxd4 Nbc6 10. Bf4 Ng6 11. Nxc6 bxc6 12. Bg3 c5 13. Bd3 Qe7 14. Qd2 a5 15. bxc5 Qxc5 16. a4 Bd7 17. 0-0 0-0 18. Qg5 Rfb8 19. h4 Bd8 20. Qd2 Rb4 21. h5 Nh4 22. Nh2 Nf5 23. Bf4 Rc8 24. h6 g6 25. g4 Nh4 26. Be3 d4 27. Bg5 Qxe5 28. Bxd8 Rxd8 29. f4 Qd6 30. Qe1 g5 31. fxg5 Ng6 32. Rf6 Bc6 33. Qf1 Qg3+ 0-1

[Event "CZE-chT2C 1516"]
[Site "Czech Republic"]
[Date "2016.01.10"]
[Round "5.6"]
[White "Gdovin, Jan"]
[Black "Pauch, Jan"]
[Result "1/2-1/2"]
[WhiteElo "2068"]
[BlackElo "1991"]
[PlyCount "71"]
[EventDate "2015.10.18"]
[EventType "team-tourn"]
[EventRounds "11"]
[EventCountry "CZE"]
[SourceTitle "EXT 2022"]
[Source "ChessBase"]
[SourceDate "2021.10.06"]
[SourceVersion "1"]
[SourceVersionDate "2021.10.06"]
[SourceQuality "1"]
[WhiteTeam "Pisek"]
[BlackTeam "Lysa nad Labem IV"]
[WhiteTeamCountry "CZE"]
[BlackTeamCountry "CZE"]

1. e4 c5 2. Nf3 d6 3. c3 Nf6 4. Qc2 g6 5. d4 Bg7 6. Be2 Nc6 7. d5 Nb8 8. c4 Bg4 9. Nc3 0-0 10. h3 Bxf3 11. gxf3 Na6 12. Be3 Qa5 13. Qd2 Rfb8 14. h4 Nc7 15. a4 a6 16. 0-0 Nce8 17. Kg2 Qc7 18. Rh1 Qd7 19. Rag1 h5 20. Bg5 Kh7 21. f4 Ng4 22. f3 Ne3+ 23. Qxe3 Bd4 24. Qd2 f6 25. f5 fxg5 26. Qxg5 Nf6 27. fxg6+ Kg7 28. Ra1 Rh8 29. Bd3 Rh6 30. e5 dxe5 31. Bf5 Qd6 32. Ne2 Rf8 33. Ng3 e4 34. Be6 exf3+ 35. Kf1 Ng4 36. Nxh5+ 1/2-1/2

[Event "CZE-chT2C 1213"]
[Site "Czech Republic"]
[Date "2012.12.16"]
[Round "5.6"]
[White "Gdovin, Jan"]
[Black "Vanka, Miloslav"]
[Result "1/2-1/2"]
[WhiteElo "2062"]
[BlackElo "2137"]
[PlyCount "49"]
[EventDate "2012.10.14"]
[EventType "team-tourn"]
[EventRounds "11"]
[EventCountry "CZE"]
[SourceTitle "EXT 2015"]
[Source "ChessBase"]
[SourceDate "2014.11.20"]
[SourceVersion "1"]
[SourceVersionDate "2014.11.20"]
[SourceQuality "1"]
[WhiteTeam "Pisek"]
[BlackTeam "Vlasim"]
[WhiteTeamCountry "CZE"]
[BlackTeamCountry "CZE"]

1. e4 c5 2. Nf3 e6 3. d4 cxd4 4. Nxd4 a6 5. Bd3 Bc5 6. Nb3 Ba7 7. Nc3 Nc6 8. Qe2 d6 9. Be3 b5 10. 0-0 Nf6 11. Bxa7 Rxa7 12. a3 0-0 13. f4 e5 14. f5 Ne7 15. g4 d5 16. g5 Nxe4 17. Bxe4 dxe4 18. f6 Qb6+ 19. Rf2 e3 20. Rf3 Nf5 21. Nd5 Qe6 22. fxg7 Kxg7 23. Nxe3 Nxe3 24. Qxe3 Re7 25. Nc5 1/2-1/2

[Event "CZE-chT2A 0809"]
[Site "Czech Republic"]
[Date "2008.12.21"]
[Round "5.4"]
[White "Gdovin, Jan"]
[Black "Richtrova, Eliska"]
[Result "1/2-1/2"]
[WhiteElo "2124"]
[BlackElo "2270"]
[PlyCount "28"]
[EventDate "2008.10.12"]
[EventType "team-tourn"]
[EventRounds "11"]
[EventCountry "CZE"]
[SourceTitle "EXT 2010"]
[Source "ChessBase"]
[SourceDate "2010.11.25"]
[SourceVersion "1"]
[SourceVersionDate "2010.11.25"]
[SourceQuality "1"]
[WhiteTeam "Pisek Platan"]
[BlackTeam "Ceske Budejovice"]
[WhiteTeamCountry "CZE"]
[BlackTeamCountry "CZE"]

1. e4 d6 2. d4 g6 3. Nc3 Bg7 4. f4 Nf6 5. Nf3 0-0 6. Be3 c6 7. Bd3 b5 8. h3 Nbd7 9. g4 Nb6 10. Nd2 a5 11. a4 b4 12. Ne2 Nfd7 13. c3 bxc3 14. bxc3 Ba6 1/2-1/2

[Event "CZE-chT2A 0809"]
[Site "Czech Republic"]
[Date "2008.11.23"]
[Round "3.6"]
[White "Gdovin, Jan"]
[Black "Turner, Radek"]
[Result "0-1"]
[WhiteElo "2124"]
[BlackElo "2117"]
[PlyCount "52"]
[EventDate "2008.10.12"]
[EventType "team-tourn"]
[EventRounds "11"]
[EventCountry "CZE"]
[SourceTitle "EXT 2010"]
[Source "ChessBase"]
[SourceDate "2010.11.25"]
[SourceVersion "1"]
[SourceVersionDate "2010.11.25"]
[SourceQuality "1"]
[WhiteTeam "Pisek Platan"]
[BlackTeam "Plzen Sokol II"]
[WhiteTeamCountry "CZE"]
[BlackTeamCountry "CZE"]

1. e4 Nf6 2. Nc3 d5 3. e5 Nfd7 4. d4 Nb6 5. Nf3 Bg4 6. Be2 e6 7. 0-0 a6 8. Bg5 Be7 9. Bxe7 Qxe7 10. Nd2 Bxe2 11. Nxe2 c5 12. f4 Nc6 13. c3 cxd4 14. cxd4 Nc4 15. Nxc4 dxc4 16. Qc2 b5 17. b3 Nb4 18. Qe4 Rc8 19. bxc4 Rxc4 20. f5 Nd5 21. f6 gxf6 22. exf6 Qd8 23. Ng3 Rg8 24. Qxh7 Nxf6 25. Qh6 Qxd4+ 26. Kh1 Ng4 0-1

[Event "Klatovy op-A"]
[Site "Klatovy"]
[Date "2007.07.03"]
[Round "4"]
[White "Gdovin, Jan"]
[Black "Michalek, Jan"]
[Result "0-1"]
[WhiteElo "2117"]
[BlackElo "2355"]
[PlyCount "87"]
[EventDate "2007.06.30"]
[EventType "swiss"]
[EventRounds "9"]
[EventCountry "CZE"]
[SourceTitle "CBM 119 Extra"]
[Source "ChessBase"]
[SourceDate "2007.09.04"]
[SourceVersion "1"]
[SourceVersionDate "2007.09.04"]
[SourceQuality "1"]

1. e4 g6 2. d4 Bg7 3. Nc3 d6 4. Be3 a6 5. Qd2 Nd7 6. h4 h5 7. Nh3 b5 8. Ng5 Bb7 9. a4 c6 10. Bd3 Ngf6 11. f3 0-0 12. Ne2 e5 13. 0-0 exd4 14. Bxd4 Ne5 15. b4 Qe7 16. f4 Ned7 17. Ng3 c5 18. bxc5 dxc5 19. Bxf6 Nxf6 20. e5 Ng4 21. Be4 Rad8 22. Qe2 c4 23. axb5 axb5 24. Rae1 Bc8 25. c3 f5 26. Bc2 Bh6 27. Nh1 Bxg5 28. hxg5 Be6 29. Nf2 Qc5 30. Kh1 Rf7 31. Nh3 Rfd7 32. Rd1 b4 33. cxb4 Qxb4 34. Rxd7 Rxd7 35. Rd1 Rd5 36. Rxd5 Bxd5 37. Nf2 Qa3 38. Nxg4 Qc1+ 39. Qd1 Qxd1+ 40. Bxd1 hxg4 41. Kg1 Kf8 42. Kf2 Be4 43. Be2 c3 44. Ke3 0-1